000 00317nam a2200133Ia 4500
008 220204s9999 xx 000 0 und d
082 _a801
_bSMA
100 _aLang, D R
245 0 _aSmart's handbook of effective writing
250 _aEd.3
260 _aBombay
_bJaico
_c1966
700 _aSmart, W K
942 _cBK
999 _c22929
_d22929